| 000 | 00554nam a2200181 a 4500 | ||
|---|---|---|---|
| 001 | 000025313 | ||
| 005 | 20200930023712.0 | ||
| 008 | 110214s1996 mx ad r 000 0 spa d | ||
| 020 | _a9684442289 | ||
| 040 |
_aDO-SdBNP _bspa _cBNPHU |
||
| 082 |
_axxxxx _bM976j |
||
| 100 | 1 |
_aMurgades, Francesc _951850 |
|
| 245 | 1 | 0 |
_aJuegos de ecología / _cFrancesc Murgades. |
| 260 |
_aMéxico, D. F. : _bBiblioteca de Recursos Didácticos Alhambra, _c1996. |
||
| 300 |
_a132 p. : _bil., retrs. ; _c22.5 cm. |
||
| 500 | _aIncluye índice alfabético. | ||
| 049 | _aBNGR | ||
| 999 |
_c24806 _d24806 |
||